| 000 | 00985nam a2200301 i 4500 | ||
|---|---|---|---|
| 999 |
_c523418 _d523418 |
||
| 001 | 2309694 | ||
| 003 | NUST | ||
| 005 | 20190221082610.0 | ||
| 008 | 800912s1979 onca 001 0 eng | ||
| 010 | _a 80492961 | ||
| 015 | _aC*** | ||
| 020 | _a0773042784 | ||
| 038 | _awaseem | ||
| 040 |
_aDLC _cDLC _dDLC |
||
| 050 | 0 | 0 |
_aHF5667 _b.L46 |
| 082 | 0 | 0 |
_a657.45015 _219 _bLES |
| 100 | 1 |
_aLeslie, Donald A. _913694 |
|
| 245 | 1 | 0 |
_aDollar-unit sampling : _ba practical guide for auditors / _cDonald A. Leslie, Albert D. Teitlebaum, Rodney J. Anderson. |
| 260 |
_aToronto : _bCopp Clark Pitman ; _aBelmont, Calif. : _bdistributed by Fearon-Pitman, _cc1979. |
||
| 300 |
_a409 p. : _bill. ; _c24 cm. |
||
| 500 | _aIncludes index. | ||
| 650 | 0 |
_aAuditing. _913695 |
|
| 650 | 0 |
_aSampling (Statistics) _91210 |
|
| 700 | 1 |
_aTeitlebaum, Albert D., _ejoint author. _913696 |
|
| 700 | 1 |
_aAnderson, Rodney J. _913697 |
|
| 906 |
_a7 _bcbc _corignew _d4 _encip _f19 _gy-gencatlg |
||
| 942 |
_2ddc _cBK |
||